Statistics for 20 Largest Islands of Japan by Area

Click here to take the quiz!

General Stats

  • This quiz has been taken 735 times
  • The average score is 7 of 20

Answer Stats

Area in square kilometresAnswer% Correct
227974.55Honshu
98%
77984.39Hokkaido
97%
36751.67Kyushu
92%
18300.95Shikoku
87%
1208.19Okinawa
85%
854.52Sado
34%
696.52Tsushima
29%
592.30Awaji
28%
504.89Yakushima
21%
3182.65Etorofu
20%
445.05Tanegashima
20%
1498.56Kunashiri
18%
712.48Amami Oshima
16%
250.16Shikotan
15%
326.45Fukue
12%
289.28Iriomote
12%
574.22Amagusa Shimoshima
9%
241.64Dougo
8%
247.77Tokunoshima
8%
225.37Amagusa Kamijima
5%

Score Distribution

Percentile by Number Answered

Percent of People with Each Score

Your Score History

You have not taken this quiz